000 00443nam a2200181Ia 4500
005 20250423100916.0
008 250422s9999 xx 000 0 und d
020 _a9780393316001
050 _aPS 3552.A7327 .B37/
100 _aAndrea Barrett.
245 0 _aShip fever
260 _aNew York
260 _b Norton
260 _c1996
300 _a254 p
650 _aScientists--Fiction. Historical fiction, American.
942 _cBK
999 _c34713
_d34713